000 00285nam a22001337a 4500
008 170809b xxu||||| |||| 00| 0 eng d
020 _a3598224044
041 _ager
080 _a004
100 _a35
101 _aSHK
245 _aGRENZE DES COMPUTERS
_cSAUR,K.G
942 _2udc
_cBK
999 _c23017
_d23017